书目信息 |
| 题名: |
双螺旋探秘
|
|
| 作者: | 格里宾 ;方玉珍 | |
| 分册: | ||
| 出版信息: | 上海 上海科技教育出版社 2001 |
|
| 页数: | 335 | |
| 开本: | 20cm | |
| 丛书名: | 哲人石丛书 | |
| 单 册: | ||
| 中图分类: | Q523 | |
| 科图分类: | ||
| 主题词: | 核酸 | |
| 电子资源: | ||
| ISBN: | 7-5428-2626-3 | |
| 000 | 00703nam0 2200229 450 | |
| 001 | 0741144344 | |
| 005 | 20070817112544.34 | |
| 010 | @a7-5428-2626-3@d¥22.90 | |
| 100 | @a20070817d km y0chiy0120 ea | |
| 101 | 0 | @achi |
| 200 | 1 | @a双螺旋探秘@Ashuang luo xuan tan mi@e量子物理学与生物@f(英)格里宾@F(ying)ge li bin@g方玉珍等@Gfang yu zhen deng |
| 210 | @a上海@c上海科技教育出版社@d2001 | |
| 215 | @a335@d20cm | |
| 225 | 2 | @a哲人石丛书 |
| 410 | 0 | @12001 @a哲人石丛书 |
| 517 | 1 | @a量子物理学与生物@Aliang zi wu li xue yu sheng wu |
| 606 | 0 | @a核酸 |
| 690 | @aQ523@v3 | |
| 701 | 0 | @a格里宾@Age li bin |
| 702 | 0 | @a方玉珍@Afang yu zhen |
| 801 | 0 | @aCN@bPFT@c20070817 |
| 905 | @a213230@dQ523@en1@f1 | |
| 双螺旋探秘:量子物理学与生物/(英)格里宾/方玉珍等.-上海:上海科技教育出版社,2001 |
| 335;20cm.-(哲人石丛书) |
| ISBN 7-5428-2626-3:¥22.90 |
| ● |
| 相关链接 |
|
|
|
|
正题名:双螺旋探秘
索取号:Q523/n1
 
预约/预借
| 序号 | 登录号 | 条形码 | 馆藏地/架位号 | 状态 | 备注 |
| 1 | 6600206 | 266002069 | 密集书库-生命科学系/ [索取号:Q523/n1] | 在馆 |